000 00522nam a2200217 a 4500
005 20260322212049.0
008 data
010 _a20-01058185
020 _a0440241073
020 _a9780440241072
040 _aDonation
099 _aGRISHJ
100 1 _aGrisham, John.
245 1 4 _aThe summons
_cJohn Grisham.
250 _a1st ed.
260 _aNew York
_bBantam Dell, a division of Random House
_cc2002
300 _a341 p. ;
_c 25 cm.
650 4 _aLegal stories.
650 0 2 _aMississippi
_vfiction
001 data
999 _c1170
_d1170